| 000 | 00673nam a2200181 i 4500 | ||
|---|---|---|---|
| 001 | 68972 | ||
| 003 | ES-MaACL | ||
| 005 | 20230906170414.0 | ||
| 007 | t| | ||
| 008 | 030117s1910 sp ||||1| spa d | ||
| 110 | 2 |
_aInstituto General y Técnico de Vitoria. _95069 |
|
| 245 | 1 | 0 |
_aInstituto General y Técnico de Vitoria _b: memoria del curso de 1909 a 1910 / _cpor Enrique Iglesias y Ejarque. |
| 260 |
_aVitoria : _b[s.n.], _c1910 ( _fEstablecimiento tipográfico de Domingo Sar) |
||
| 300 |
_a96 p. ; _c24 cm. |
||
| 610 | 2 | 4 |
_aInstituto General y Técnico de Vitoria- _vMemorias. _9150702 |
| 700 | 1 |
_aIglesias y Ejarque, Enrique. _965144 |
|
| 852 |
_aES-MaACL _jT-1254-F-11 |
||
| 999 |
_c68972 _d68972 |
||